00749 2200289 4500001002100000005001500021035002000036007000300056040001700059245004100076300003100117020002200148041000800170082000800178084001400186090002300200264003400223336002100257337003000278338002300308650001100331850001000342008004100352100003000393250001000423990002600433INLIS00000000000876320260518100452 a0010-1022000138ta aSBPUPADbind1 aHidup Dinua Wisata /cDjoko Dwinanto a74 hlm :bilus. ;c15x21cm a978-979-573-185-60 aind a813 a813 DJO h a676.2 TIM k L21-10 aJakarta :bCakra Media,c2007 2rdacontentateks 2rdamediaatanpa perantara 2rdacarrieravolume 4aCerpen aPUPAD260518 1 0 aDjoko DwinantoePengarang acet.3 a4996/B/ARPUS-PDG/2008